000 01736nam a2200529 i 4500
001 5673
003 KOSZ 005
005 20220728105549.0
008 970510s1993 pl f f |000 0 pol
015 _aPB 1993/4712
020 _a8385366113
035 _a991000953589705066
035 _a(PL-WaBN)b10291477-48omnis_nlop
035 _ab10291477
035 _a(OCoLC)749860559
035 _a(PL)b0000001029147
035 _a(EXLNZ-48OMNIS_NETWORK)9910280004305606
040 _aWA N
_cWA N
_dKOSZ 005/EG
041 _apol
046 _k1991
080 _a339.7
080 _a336.71
080 _a(075.8)
100 1 _aKrzyżkiewicz, Zbigniew
_d(1923-2016)
_eAutor
245 1 0 _aMiędzynarodowe rozliczenia bankowe /
_cZbigniew Krzyżkiewicz.
250 _aWyd. 2 rozsz. i uaktual.
260 _aWarszawa :
_b"Poltext",
_c1993.
300 _a118, [1] s. ;
_c21 cm.
336 _2rdacontent
_aTekst
_btxt
337 _2rdamedia
_aBez urządzenia pośredniczącego
_bn
338 _2rdacarrier
_aWolumin
_bnc
380 _aKsiążki
380 _aPublikacje dydaktyczne
385 _mPoziom nauczania
_aSzkoły wyższe
388 _a1901-2000
388 _a1989-2000
490 1 _aStudia Finansowo-Bankowe / Szkoła Główna Handlowa
650 7 _aBanki
_2DBN
650 7 _aRozliczenia międzynarodowe
_2DBN
655 7 _aPodręczniki akademickie
_2DBN
658 _aGospodarka, ekonomia, finanse
710 2 _aWydawnictwo Poltext
_4pbl
830 0 _aStudia Finansowo-Bankowe - Szkoła Główna Handlowa
856 _uhttp://koha.tu.koszalin.pl/cgi-bin/koha/opac-detail.pl?biblionumber=5673
_yKatalog online BPK
942 _2UKD
_cKS
999 _c5673
_d5673